A Holnap és a kicsik V. Partiumi Írótábor Nagyváradon

Bibliographic Details
Main Author: Nagy, Erika, 1961- (Author)
Format: Article
Language:Hungarian
ISSN:1335-7050
Subjects:

MARC

LEADER 00000nab a2200000 ar4500
001 vtls009318691
003 SK-MaSNL
005 20260319070932.0
008 080806c20080708xo |||||||| 000 b|hun
015 |a SNBRB2008/07  |2 snkbucl 
038 |a SNKBUCL 
040 |a DSZK  |b slo  |c DSZK  |e AACR2 
041 0 |a hun 
044 |a xo  |c SK 
080 |a 82:061.7  |2 1997 
080 |a 82:929:821.511.141:061.3  |2 1997 
080 |a 821.511.141:929:061.3  |2 1997 
080 |a 82:061.2  |2 1997 
080 |a 82:061.3  |2 1997 
080 |a 821.511.141:061.2  |2 1997 
100 1 |a Nagy, Erika,  |d 1961-  |4 aut  |9 274133 
245 1 0 |a A Holnap és a kicsik  |b V. Partiumi Írótábor Nagyváradon  |c Nagy Erika 
610 2 7 |a Holnap (literárny spolok)  |2 snkbucl  |9 1051564 
611 2 7 |a Partiumi írótábor  |n (5. :  |d 2008 :  |c Oradea, Rumunsko)  |2 snkbucl  |9 1051565 
650 0 7 |a maďarskí spisovatelia  |2 snkbucl  |9 55632 
650 0 7 |a spisovateľské tábory  |2 snkbucl  |9 1033496 
773 0 |t Új szó  |g Évf. 61, sz. 157 (8.7.2008), o. 8  |x 1335-7050 
852 |a SNK  |b KIS3GCP 
852 |a DSZK  |b KIS3GCP 
958 |a HU 
958 |a LX 
958 |a RO 
999 |c 1728707  |d 1730637